<?xml version="1.0" encoding="UTF-8"?>
<record
    xmlns:xsi="http://www.w3.org/2001/XMLSchema-instance"
    xsi:schemaLocation="http://www.loc.gov/MARC21/slim http://www.loc.gov/standards/marcxml/schema/MARC21slim.xsd"
    xmlns="http://www.loc.gov/MARC21/slim">

  <leader>01907nas a2200277Ia 4500</leader>
  <controlfield tag="001">R050-S6262</controlfield>
  <controlfield tag="003">IT-CnALBA</controlfield>
  <controlfield tag="008">170116c99999999xx ||||||||||||   ||und||</controlfield>
  <datafield tag="040" ind1=" " ind2=" ">
    <subfield code="a">IT-CnALBA</subfield>
    <subfield code="c">IT-CnALBA</subfield>
  </datafield>
  <datafield tag="041" ind1=" " ind2=" ">
    <subfield code="a">ITALIANO</subfield>
  </datafield>
  <datafield tag="100" ind1=" " ind2=" ">
    <subfield code="a">RIZZOLO ANTONIO, SSP.</subfield>
  </datafield>
  <datafield tag="210" ind1=" " ind2=" ">
    <subfield code="a">LETTURE</subfield>
  </datafield>
  <datafield tag="222" ind1=" " ind2=" ">
    <subfield code="a">LETTURE</subfield>
  </datafield>
  <datafield tag="245" ind1=" " ind2="0">
    <subfield code="a">LETTURE. INFORMAZIONE LETTERATURA SPETTACOLO. GENNAIO 2003. </subfield>
  </datafield>
  <datafield tag="250" ind1=" " ind2=" ">
    <subfield code="a">1a ed.</subfield>
  </datafield>
  <datafield tag="260" ind1=" " ind2=" ">
    <subfield code="a">CINISELLO BALSAMO (MI)</subfield>
    <subfield code="b">PERIODICI SAN PAOLO ED. </subfield>
    <subfield code="c">2003 [1&#xB0; Ed.:2003 - Ed.Ling.Originale: 2003]</subfield>
  </datafield>
  <datafield tag="300" ind1=" " ind2=" ">
    <subfield code="a">100 p. </subfield>
  </datafield>
  <datafield tag="310" ind1=" " ind2=" ">
    <subfield code="a">MENSILE</subfield>
  </datafield>
  <datafield tag="362" ind1=" " ind2=" ">
    <subfield code="a">Fascicolo: 593 / Anno: 58 (2003)</subfield>
  </datafield>
  <datafield tag="500" ind1=" " ind2=" ">
    <subfield code="a">ANNATA 2002. IN REGALO. DA TOMASEO A BATTAGLIA. I SETTANT''ANNI DI KING KONG. OLTRE POETA DEGLI UMILI. IL FUTURO DELLA MUSICA. IL BEATO ALBERIONE. IL FENOMENO IN ESTINZIONE. LE NUOVE STRADE DEL TEATRO MUSICALE. COMPOSIZIONI PER LA LITURGIA. FRISINA M. LA MUSICA STRUMENTO RIABILITANTE. CHIARI L. LIRICA A MISURA DEL BAMBINO. LINGUAGGIO APERTO AL DIALOGO. LIBRO DEL MESE. NARRATIVA ITALIANA. ATTRAVERSO IL TUO CORPO. NARRATIVA STRANIERA. VIVERE PER RACCONTARLA. POESIA. SAGGISTICA. L'UOMO OLTRE L'UOMO. UN PONTE TRA LATINO E ITALIANO. </subfield>
  </datafield>
  <datafield tag="501" ind1=" " ind2=" ">
    <subfield code="a">Societ&#xE0; San Paolo EM - Piazza San Paolo, 14 - 12051 ALBA (CN)  (non commercial uses only) &#xAE; Copyright 2017</subfield>
  </datafield>
  <datafield tag="520" ind1=" " ind2=" ">
    <subfield code="a">ANNATA 2002. IN REGALO. DA TOMASEO A BATTAGLIA. I SETTANT''ANNI DI KING KONG. OLTRE POETA DEGLI UMILI. IL FUTURO DELLA MUSICA. IL BEATO ALBERIONE. IL FENOMENO IN ESTINZIONE. LE NUOVE STRADE DEL TEATRO MUSICALE. COMPOSIZIONI PER LA LITURGIA. FRISINA M. LA MUSICA STRUMENTO RIABILITANTE. CHIARI L. LIRICA A MISURA DEL BAMBINO. LINGUAGGIO APERTO AL DIALOGO. LIBRO DEL MESE. NARRATIVA ITALIANA. ATTRAVERSO IL TUO CORPO. NARRATIVA STRANIERA. VIVERE PER RACCONTARLA. POESIA. SAGGISTICA. L'UOMO OLTRE L'UOMO. UN PONTE TRA LATINO E ITALIANO. </subfield>
  </datafield>
  <datafield tag="650" ind1=" " ind2=" ">
    <subfield code="a">STUDI E RASSEGNE</subfield>
  </datafield>
  <datafield tag="942" ind1=" " ind2=" ">
    <subfield code="c">CR</subfield>
  </datafield>
  <datafield tag="957" ind1=" " ind2=" ">
    <subfield code="7">1</subfield>
  </datafield>
  <datafield tag="999" ind1=" " ind2=" ">
    <subfield code="a">78840</subfield>
    <subfield code="b">NO</subfield>
    <subfield code="g">1</subfield>
    <subfield code="c">335715</subfield>
    <subfield code="d">335715</subfield>
  </datafield>
  <datafield tag="952" ind1=" " ind2=" ">
    <subfield code="0">0</subfield>
    <subfield code="1">0</subfield>
    <subfield code="4">0</subfield>
    <subfield code="6">R_050S6262</subfield>
    <subfield code="7">1</subfield>
    <subfield code="a">ALBA</subfield>
    <subfield code="b">ALBA</subfield>
    <subfield code="d">2017-01-16</subfield>
    <subfield code="l">0</subfield>
    <subfield code="o">R050-S6262</subfield>
    <subfield code="r">2017-01-16 00:00:00</subfield>
    <subfield code="w">2017-01-16</subfield>
    <subfield code="y">CR</subfield>
    <subfield code="z">(data import: 16 gennaio 2017) - By Epidotti, Vaglietti. </subfield>
  </datafield>
</record>
